Los retos de la seguridad y defensa en el nuevo contexto internacional

Αποθηκεύτηκε σε:
Λεπτομέρειες βιβλιογραφικής εγγραφής
Κύριοι συγγραφείς: Torroja Mateu, Helena (Συγγραφέας), Güell Peris, Sonia (Συγγραφέας)
Μορφή: Βιβλίο
Γλώσσα:Ισπανικά
Έκδοση: Barcelona Universitat de Barcelona 2007
Σειρά:Transformacions
Θέματα:
Ετικέτες: Προσθήκη ετικέτας
Δεν υπάρχουν, Καταχωρήστε ετικέτα πρώτοι!

MARC

LEADER 00000nam a2200000 a 4500
001 UCH3633
003 CL-VaPUC
008 090813e20070000SP |||||||||||||||||spa|d
020 |a 9788447531325 
082 0 4 |a 343.01  |b TOR  |2 21 
100 0 |a Torroja Mateu, Helena  |e author  |9 539115 
700 0 |a Güell Peris, Sonia  |e author  |9 539116 
245 1 4 |a Los retos de la seguridad y defensa en el nuevo contexto internacional 
300 |a 257 p 
942 |c BK 
945 |d 20090813 00:00:00  |a rbrito 
260 |a Barcelona  |b Universitat de Barcelona  |c 2007 
650 0 |a Fuerzas Armadas  |9 255504 
650 0 |a Derecho internacional  |9 255637 
650 0 |a Seguridad internacional  |9 256547 
650 0 |a Fuerzas Armadas  |9 255504 
650 0 |a Conflictos armados  |9 398234 
650 0 |a Paz  |9 259242 
583 |a last modification  |c 20090813 00:00:00  |k Rodrigo Vera 
490 0 |a Transformacions 
999 |c 335116  |d 335114 
952 |0 0  |1 0  |4 0  |6 343_010000000000000_TOR_2007  |7 0  |8 A  |9 424697  |a BIBDER  |b BIBDER  |d 2019-11-22  |i 4587030  |o 343.01 TOR 2007  |p 4587030  |r 2023-01-25  |w 2019-11-22  |y BK  |k DER